Podnikanie je viac ako byrokracia

Rozptyl vedomostí. Rozmanitosť vedomostí. Hĺbka vedomostí. Trvanlivosť vedomostí. Reakcia spoločnosti. Plochá štruktúra. Flexibilita. Pohotovosť. Príbuznosť. Zložité štruktúry.

Gespeichert in:
Bibliographische Detailangaben
1. Verfasser: Ridderstrale, Jonas
Format: Buchkapitel
Sprache:Slowakisch
Schlagworte:
Tags: Tag hinzufügen
Keine Tags, Fügen Sie das erste Tag hinzu!

MARC

LEADER 00000naa a2200000 4500
001 r042828
005 20230921111445.6
041 0 |a slo 
044 |a SK 
245 1 0 |a Podnikanie je viac ako byrokracia  |c Jonas Ridderstrale 
520 |a Rozptyl vedomostí. Rozmanitosť vedomostí. Hĺbka vedomostí. Trvanlivosť vedomostí. Reakcia spoločnosti. Plochá štruktúra. Flexibilita. Pohotovosť. Príbuznosť. Zložité štruktúry. 
610 2 0 |a vedomosti 
610 2 0 |a podnikanie 
610 2 0 |a byrokracia 
610 2 0 |a vzdelanie 
610 2 0 |a flexibilita 
100 1 |a Ridderstrale, Jonas